000 00359nam a2200145Ia 4500
008 230312s9999||||xx |||||||||||||| ||und||
020 _a0-89577-306-6
082 _a641.563
_bGRE
245 0 _aGreat Recipes for good health
260 _bReader's Digest
_aHong Kong
_c1998
300 _a304
546 _aEng.
650 _aArchitecture
_veat good
942 _cBK
999 _c1238
_d1238